| 000 | 00439nam a22001697a 4500 | ||
|---|---|---|---|
| 999 |
_c525705 _d525705 |
||
| 003 | NUST | ||
| 020 | _qH/B | ||
| 038 | _awaseem | ||
| 082 |
_a891.4911 _bYUS |
||
| 100 |
_aYousaf Misali _99438 |
||
| 245 |
_aShah Nanak Farid / _cYousaf Misali |
||
| 260 |
_aLahore : _bMushtaq Book Corner, _c[S.L.]. |
||
| 300 | _a360 p. ; | ||
| 880 |
_6100-01\r _aیُوسف مثالی |
||
| 880 |
_6245-02\r _aشاہ نانک فرید / |
||
| 942 |
_2ddc _cBK |
||